[Event "FIDE World Rapid-ch Open 2018"]
[White "Yakubboev, Nodirbek"]
[Black "Pantsulaia, Levan"]
[Site "St. Petersburg"]
[Round "10.30"]
[Annotator "ChessBase"]
[Result "1-0"]
[Date "2018.12.27"]
[WhiteElo "2556"]
[BlackElo "2597"]
[PlyCount "75"]
[TimeControl "900+10"]

1. d4 {[%emt 0:0:0]} Nf6 {[%emt 0:0:0]} 2. Bg5 {[%emt 0:0:2]} c5 {[%emt 0:0:0]
} 3. Bxf6 {[%emt 0:1:11]} gxf6 {[%emt 0:0:0]} 4. d5 {[%emt 0:0:0]} Qb6 {[%emt 0:0:2]} 5. Qc1 {[%emt 0:0:3]} f5 {[%emt 0:0:2]} 6. c4 {[%emt 0:0:47]} Bg7 {[%emt 0:0:29]} 7. Nc3 {[%emt 0:0:2]} d6 {[%emt 0:0:0]} 8. e3 {[%emt 0:0:38]} Nd7 {[%emt 0:0:24]} 9. Nf3 {[%emt 0:0:9]} Nf6 {[%emt 0:0:8]
} 10. Bd3 {[%emt 0:0:41]} Ne4 {[%emt 0:0:7]} 11. Bxe4 {[%emt 0:1:19]
} fxe4 {[%emt 0:0:1]} 12. Nd2 {[%emt 0:0:8]} f5 {[%emt 0:0:0]} 13. 0-0 {[%emt 0:0:29]} 0-0 {[%emt 0:0:3]} 14. f3 {[%emt 0:1:7]} exf3 {[%emt 0:0:2]} 15. Rxf3 {[%emt 0:0:32]} Bd7 {[%emt 0:0:1]} 16. Qc2 {[%emt 0:0:26]
} Rf7 {[%emt 0:0:42]} 17. Raf1 {[%emt 0:0:21]} Raf8 {[%emt 0:0:0]} 18. b3 {[%emt 0:0:24]} Qd8 {[%emt 0:0:15]} 19. Ne2 {[%emt 0:0:48]} e5 {[%emt 0:1:13]} 20. dxe6 {[%emt 0:0:37]} Bxe6 {[%emt 0:0:2]} 21. Nf4 {[%emt 0:0:15]
} Bd7 {[%emt 0:0:20]} 22. Rg3 {[%emt 0:1:0]} Kh8 {[%emt 0:0:0]} 23. Nf3 {[%emt 0:0:37]} Re7 {[%emt 0:2:32]} 24. Qd3 {[%emt 0:5:12]} Bc6 {[%emt 0:0:8]} 25. Ng5 {[%emt 0:0:33]} Rf6 {[%emt 0:3:52]} 26. Nh5 {[%emt 0:0:24]
} Be4 {[%emt 0:0:53]} 27. Qc3 {[%emt 0:0:12]} Qf8 {[%emt 0:0:0]} 28. Nxe4 {[%emt 0:0:19]} Rxe4 {[%emt 0:0:1]} 29. Rxg7 {[%emt 0:0:25]} Re5 {[%emt 0:0:1]} 30. Nxf6 {[%emt 0:0:33]} Qxg7 {[%emt 0:0:1]} 31. Nd5 {[%emt 0:0:6]
} b5 {[%emt 0:0:3]} 32. Qa5 {[%emt 0:0:9]} Qd7 {[%emt 0:0:0]} 33. Qc3 {[%emt 0:0:9]} Qg7 {[%emt 0:0:5]} 34. Qd3 {[%emt 0:0:4]} bxc4 {[%emt 0:0:9]} 35. bxc4 {[%emt 0:0:2]} Qg5 {[%emt 0:0:4]} 36. Qb3 {[%emt 0:0:11]
} Qd8 {[%emt 0:0:12]} 37. Qb7 {[%emt 0:0:6]} a5 {[%emt 0:0:0]} 38. Qf7 {[%emt 0:0:8]} 1-0

[Event "FIDE World Rapid-ch Open 2018"]
[White "Bocharov, Ivan"]
[Black "Tang, Andrew"]
[Site "St. Petersburg"]
[Round "10.31"]
[Annotator "ChessBase"]
[Result "1/2-1/2"]
[Date "2018.12.27"]
[WhiteElo "2563"]
[BlackElo "2487"]
[PlyCount "144"]
[TimeControl "900+10"]

1. e4 {[%emt 0:0:0]} e5 {[%emt 0:0:0]} 2. Bc4 {[%emt 0:0:0]} Nf6 {[%emt 0:0:0]
} 3. d3 {[%emt 0:0:0]} Nc6 {[%emt 0:0:0]} 4. Nf3 {[%emt 0:0:0]} Bc5 {[%emt 0:0:5]} 5. 0-0 {[%emt 0:0:3]} a6 {[%emt 0:0:2]} 6. Bg5 {[%emt 0:1:6]
} h6 {[%emt 0:0:7]} 7. Bh4 {[%emt 0:0:2]} g5 {[%emt 0:0:2]} 8. Bg3 {[%emt 0:0:2]} d6 {[%emt 0:0:2]} 9. c3 {[%emt 0:0:23]} Bg4 {[%emt 0:1:30]
} 10. Nbd2 {[%emt 0:0:21]} Nh5 {[%emt 0:0:26]} 11. b4 {[%emt 0:0:0]} Bb6 {[%emt 0:0:21]} 12. Bd5 {[%emt 0:1:0]} Qf6 {[%emt 0:0:30]} 13. a4 {[%emt 0:0:17]} Rb8 {[%emt 0:0:11]} 14. a5 {[%emt 0:1:16]} Ba7 {[%emt 0:0:0]} 15. b5 {[%emt 0:0:1]} axb5 {[%emt 0:1:20]} 16. a6 {[%emt 0:0:6]} Ne7 {[%emt 0:0:2]} 17. axb7 {[%emt 0:1:32]} Nxd5 {[%emt 0:1:0]} 18. Rxa7 {[%emt 0:1:25]
} Nxc3 {[%emt 0:0:3]} 19. Qb3 {[%emt 0:1:20]} Ne2+ {[%emt 0:0:0]} 20. Kh1 {[%emt 0:0:2]} Bd7 {[%emt 0:0:3]} 21. Re1 {[%emt 0:1:16]} Nef4 {[%emt 0:0:26]} 22. d4 {[%emt 0:0:10]} g4 {[%emt 0:1:14]} 23. dxe5 {[%emt 0:0:47]
} dxe5 {[%emt 0:0:2]} 24. Nh4 {[%emt 0:0:4]} 0-0 {[%emt 0:0:0]} 25. Nf5 {[%emt 0:0:15]} Qb6 {[%emt 0:2:41]} 26. Rea1 {[%emt 0:0:4]} Bxf5 {[%emt 0:0:21]} 27. exf5 {[%emt 0:0:4]} Rxb7 {[%emt 0:0:8]} 28. R7a6 {[%emt 0:1:2]} Qd4 {[%emt 0:0:44]} 29. Qc2 {[%emt 0:0:59]} Nd3 {[%emt 0:0:0]} 30. Nb3 {[%emt 0:1:15]} Qe4 {[%emt 0:1:35]} 31. Bxe5 {[%emt 0:1:25]} Re8 {[%emt 0:0:53]} 32. Ra8 {[%emt 0:0:39]} Qxe5 {[%emt 0:0:53]} 33. Rxe8+ {[%emt 0:0:6]
} Qxe8 {[%emt 0:0:1]} 34. Qxd3 {[%emt 0:0:1]} Qe5 {[%emt 0:0:0]} 35. Qd2 {[%emt 0:0:40]} Kg7 {[%emt 0:0:5]} 36. Re1 {[%emt 0:0:7]} Qxf5 {[%emt 0:0:15]} 37. Nd4 {[%emt 0:0:1]} Qf4 {[%emt 0:0:51]} 38. Qd3 {[%emt 0:0:17]
} Rb6 {[%emt 0:0:42]} 39. Nf5+ {[%emt 0:0:14]} Kf6 {[%emt 0:0:0]} 40. Ne3 {[%emt 0:0:20]} Re6 {[%emt 0:0:37]} 41. Qxb5 {[%emt 0:0:11]} Kg6 {[%emt 0:0:4]} 42. Kg1 {[%emt 0:0:19]} Qe4 {[%emt 0:0:24]} 43. g3 {[%emt 0:0:18]
} c6 {[%emt 0:0:43]} 44. Qb8 {[%emt 0:0:5]} Kg7 {[%emt 0:0:0]} 45. Rd1 {[%emt 0:0:19]} Nf6 {[%emt 0:0:9]} 46. Rd4 {[%emt 0:0:18]} Qf3 {[%emt 0:0:35]} 47. Qb2 {[%emt 0:0:1]} Rxe3 {[%emt 0:0:9]} 48. fxe3 {[%emt 0:0:5]
} Qxe3+ {[%emt 0:0:1]} 49. Qf2 {[%emt 0:0:2]} Qe5 {[%emt 0:0:0]} 50. Rd1 {[%emt 0:0:40]} c5 {[%emt 0:0:10]} 51. Rc1 {[%emt 0:0:8]} Ne4 {[%emt 0:0:5]} 52. Qe3 {[%emt 0:0:11]} Qd5 {[%emt 0:0:2]} 53. Re1 {[%emt 0:0:13]
} Ng5 {[%emt 0:0:4]} 54. Kf2 {[%emt 0:0:45]} Qf5+ 55. Kg2 Nf3 {[%emt 0:0:44]} 56. Qc3+ {[%emt 0:0:5]} Nd4 {[%emt 0:0:13]} 57. Qe3 {[%emt 0:0:26]
} Qc2+ {[%emt 0:0:12]} 58. Qf2 {[%emt 0:0:6]} Nf3 {[%emt 0:0:0]} 59. Re2 {[%emt 0:0:10]} Qd1 {[%emt 0:0:6]} 60. Re4 {[%emt 0:0:13]} h5 {[%emt 0:0:8]} 61. Qxc5 {[%emt 0:0:16]} Qd2+ {[%emt 0:0:18]} 62. Qf2 {[%emt 0:0:2]
} Qd5 {[%emt 0:0:3]} 63. Qe3 {[%emt 0:0:8]} Kg6 {[%emt 0:0:0]} 64. Kf2 {[%emt 0:0:7]} Qa2+ {[%emt 0:0:10]} 65. Qe2 {[%emt 0:0:2]} Qxe2+ {[%emt 0:0:6]} 66. Rxe2 {[%emt 0:0:8]} Nxh2 {[%emt 0:0:2]} 67. Ke3 {[%emt 0:0:1]} Nf3 {[%emt 0:0:4]} 68. Kf4 {[%emt 0:0:0]} f6 {[%emt 0:0:0]} 69. Ra2 {[%emt 0:0:39]} Ng5 {[%emt 0:0:19]} 70. Ra8 {[%emt 0:0:5]} Ne6+ {[%emt 0:0:6]} 71. Ke4 {[%emt 0:0:2]} Nc5+ {[%emt 0:0:3]} 72. Ke3 {[%emt 0:0:2]
} Ne6 1/2-1/2

[Event "FIDE World Rapid-ch Open 2018"]
[White "Yuffa, Daniil"]
[Black "Mamedov, Rauf"]
[Site "St. Petersburg"]
[Round "10.32"]
[Annotator "ChessBase"]
[Result "1/2-1/2"]
[Date "2018.12.27"]
[WhiteElo "2572"]
[BlackElo "2703"]
[PlyCount "108"]
[TimeControl "900+10"]

1. d4 {[%emt 0:0:0]} d5 {[%emt 0:0:0]} 2. c4 {[%emt 0:0:0]} e6 {[%emt 0:0:0]} 3. Nf3 {[%emt 0:0:0]} c5 {[%emt 0:0:0]} 4. g3 {[%emt 0:0:17]} Nc6 {[%emt 0:0:0]} 5. Bg2 {[%emt 0:0:5]} Nf6 {[%emt 0:0:19]} 6. 0-0 {[%emt 0:0:0]} Be7 {[%emt 0:0:9]} 7. cxd5 {[%emt 0:1:30]} exd5 {[%emt 0:0:1]} 8. Nc3 {[%emt 0:0:1]} 0-0 {[%emt 0:0:2]} 9. Bg5 {[%emt 0:0:9]} c4 {[%emt 0:0:0]} 10. Ne5 {[%emt 0:0:1]} Be6 {[%emt 0:0:0]} 11. e3 {[%emt 0:0:59]} h6 {[%emt 0:1:42]} 12. Bxf6 {[%emt 0:0:3]} Bxf6 {[%emt 0:0:0]} 13. f4 {[%emt 0:1:57]
} Bxe5 {[%emt 0:0:32]} 14. dxe5 {[%emt 0:0:19]} Qb6 {[%emt 0:0:0]} 15. f5 {[%emt 0:2:29]} Qxe3+ {[%emt 0:1:43]} 16. Kh1 {[%emt 0:0:1]} Bc8 {[%emt 0:0:22]} 17. Nxd5 {[%emt 0:1:35]} Qxe5 {[%emt 0:0:3]} 18. Qd2 {[%emt 0:1:28]
} Rd8 {[%emt 0:2:57]} 19. Rae1 {[%emt 0:1:34]} Qd4 {[%emt 0:0:0]} 20. Qxd4 {[%emt 0:1:28]} Nxd4 {[%emt 0:0:1]} 21. Ne7+ {[%emt 0:0:22]} Kf8 {[%emt 0:0:19]} 22. Re4 {[%emt 0:0:20]} Nb5 {[%emt 0:1:49]} 23. a4 {[%emt 0:2:52]
} Nd6 {[%emt 0:0:25]} 24. Re5 {[%emt 0:0:13]} Bd7 {[%emt 0:0:0]} 25. a5 {[%emt 0:0:13]} Re8 {[%emt 0:0:33]} 26. Rfe1 {[%emt 0:0:27]} Rad8 {[%emt 0:2:30]} 27. g4 {[%emt 0:0:6]} b5 {[%emt 0:0:37]} 28. axb6 {[%emt 0:0:36]
} axb6 {[%emt 0:0:1]} 29. Nd5 {[%emt 0:0:18]} Rxe5 {[%emt 0:0:0]} 30. Rxe5 {[%emt 0:0:1]} b5 {[%emt 0:0:8]} 31. Nb6 {[%emt 0:0:2]} Be8 {[%emt 0:0:5]} 32. h4 {[%emt 0:0:23]} Rb8 {[%emt 0:0:6]} 33. Nd5 {[%emt 0:0:17]
} b4 {[%emt 0:0:1]} 34. Re1 {[%emt 0:0:16]} h5 {[%emt 0:0:10]
} 35. gxh5 {[%emt 0:0:7]} Nxf5 {[%emt 0:0:1]} 36. Rc1 {[%emt 0:0:8]} Nd6 {[%emt 0:0:25]} 37. Ne3 {[%emt 0:0:11]} Bb5 {[%emt 0:0:33]} 38. Rd1 {[%emt 0:0:1]
} Ne8 {[%emt 0:0:0]} 39. Kg1 {[%emt 0:0:12]} Nf6 {[%emt 0:0:0]} 40. Rd4 {[%emt 0:0:10]} Rc8 {[%emt 0:0:7]} 41. Bf1 {[%emt 0:0:11]} c3 {[%emt 0:0:22]} 42. Bxb5 {[%emt 0:0:8]} cxb2 {[%emt 0:0:1]} 43. Bd3 {[%emt 0:0:20]
} Rc3 {[%emt 0:0:17]} 44. Rxb4 {[%emt 0:0:12]} Rxd3 {[%emt 0:0:0]} 45. Rb8+ {[%emt 0:0:2]} Ke7 {[%emt 0:0:1]} 46. Nf5+ {[%emt 0:0:2]
} Ke6 {[%emt 0:0:12]} 47. Nxg7+ {[%emt 0:0:3]} Ke5 {[%emt 0:0:4]} 48. Rxb2 {[%emt 0:0:4]} Rg3+ {[%emt 0:0:27]} 49. Rg2 {[%emt 0:0:1]} Kf4 {[%emt 0:0:0]} 50. h6 {[%emt 0:0:13]} Rxg2+ {[%emt 0:0:1]} 51. Kxg2 {[%emt 0:0:1]
} Kg4 {[%emt 0:0:1]} 52. Ne8 {[%emt 0:0:41]} Nh7 {[%emt 0:0:1]} 53. Nd6 {[%emt 0:0:3]
} Kxh4 {[%emt 0:0:9]} 54. Nxf7 {[%emt 0:0:3]} Kh5 {[%emt 0:0:0]} 1/2-1/2

[Event "FIDE World Rapid-ch Open 2018"]
[White "Bosiocic, Marin"]
[Black "Tomashevsky, Evgeny"]
[Site "St. Petersburg"]
[Round "10.33"]
[Annotator "ChessBase"]
[Result "1/2-1/2"]
[Date "2018.12.27"]
[WhiteElo "2599"]
[BlackElo "2705"]
[PlyCount "145"]
[TimeControl "900+10"]

1. e4 {[%emt 0:0:1]} e5 {[%emt 0:0:0]} 2. Nf3 {[%emt 0:0:0]} Nc6 {[%emt 0:0:0]
} 3. Bc4 Bc5 {[%emt 0:0:0]} 4. c3 {[%emt 0:0:0]} Nf6 {[%emt 0:0:0]
} 5. d4 {[%emt 0:0:0]} exd4 {[%emt 0:0:5]} 6. e5 {[%emt 0:0:0]} d5 {[%emt 0:0:7]} 7. Bb5 {[%emt 0:0:0]} Ne4 {[%emt 0:0:4]} 8. cxd4 {[%emt 0:0:0]
} Bb6 {[%emt 0:0:3]} 9. Nc3 {[%emt 0:0:0]} 0-0 {[%emt 0:0:0]} 10. Be3 {[%emt 0:0:0]} Bg4 {[%emt 0:1:4]} 11. h3 {[%emt 0:0:2]} Bh5 {[%emt 0:0:55]} 12. Qc2 {[%emt 0:0:1]} Bg6 {[%emt 0:1:16]} 13. Qb3 {[%emt 0:0:2]
} Ne7 {[%emt 0:1:46]} 14. 0-0 {[%emt 0:0:2]} c6 {[%emt 0:0:0]} 15. Bd3 {[%emt 0:0:1]} Nxc3 {[%emt 0:1:46]} 16. Qxc3 {[%emt 0:0:9]} Qd7 {[%emt 0:1:44]} 17. Nh4 {[%emt 0:1:8]} Be4 {[%emt 0:0:6]} 18. f3 {[%emt 0:0:58]
} Bxd3 {[%emt 0:1:18]} 19. Qxd3 {[%emt 0:0:2]} f5 {[%emt 0:0:0]} 20. f4 {[%emt 0:0:26]} Qe6 {[%emt 0:0:53]} 21. Kh2 {[%emt 0:0:12]} Ng6 {[%emt 0:0:2]} 22. Nf3 {[%emt 0:0:24]} Bd8 {[%emt 0:0:2]} 23. Rg1 {[%emt 0:0:3]
} Be7 {[%emt 0:0:42]} 24. Rac1 {[%emt 0:0:14]} a5 {[%emt 0:0:0]} 25. a4 {[%emt 0:0:10]} Rf7 {[%emt 0:0:56]} 26. Rc2 {[%emt 0:0:3]} h5 {[%emt 0:0:46]
} 27. g3 {[%emt 0:0:7]} Nf8 {[%emt 0:0:5]} 28. Kh1 {[%emt 0:0:0]} Qh6 {[%emt 0:0:31]} 29. Rh2 {[%emt 0:0:2]} Ne6 {[%emt 0:0:3]} 30. Qd2 {[%emt 0:1:32]} Qh7 {[%emt 0:0:13]} 31. Qg2 {[%emt 0:0:35]} Kf8 {[%emt 0:0:8]
} 32. Bc1 {[%emt 0:0:13]} Ke8 {[%emt 0:0:6]} 33. Qc2 {[%emt 0:0:0]} Kd7 {[%emt 0:0:23]} 34. Bd2 {[%emt 0:0:11]} g6 {[%emt 0:1:1]} 35. Rc1 {[%emt 0:0:38]} Qg8 {[%emt 0:0:46]} 36. Qb3 {[%emt 0:0:7]} Qb8 {[%emt 0:0:5]
} 37. h4 {[%emt 0:0:37]} Qa7 {[%emt 0:0:5]} 38. Bc3 {[%emt 0:0:0]} Rff8 {[%emt 0:0:29]} 39. Qd1 {[%emt 0:0:15]} Qa6 {[%emt 0:0:12]} 40. b3 {[%emt 0:0:22]} Rfb8 {[%emt 0:0:11]} 41. Rhc2 {[%emt 0:0:4]} Ba3 {[%emt 0:0:4]
} 42. Ra1 {[%emt 0:0:2]} Be7 {[%emt 0:0:2]} 43. Kg2 {[%emt 0:0:0]} Ke8 {[%emt 0:0:21]} 44. Bb2 {[%emt 0:0:9]} Qb6 {[%emt 0:0:34]} 45. Qd3 {[%emt 0:0:18]} Ra6 {[%emt 0:1:2]} 46. Ba3 {[%emt 0:0:29]} Bxa3 {[%emt 0:0:9]
} 47. Rxa3 {[%emt 0:0:2]} Ke7 {[%emt 0:0:1]} 48. Ra1 {[%emt 0:0:10]
} Qb4 {[%emt 0:0:2]} 49. Rd1 {[%emt 0:0:10]} Rb6 {[%emt 0:0:0]} 50. Rc3 {[%emt 0:0:2]} Qa3 {[%emt 0:0:18]} 51. Ne1 {[%emt 0:0:13]} Kf7 {[%emt 0:0:19]} 52. Qb1 {[%emt 0:0:49]} Qb4 {[%emt 0:0:11]} 53. Rcd3 {[%emt 0:0:2]
} Qe7 {[%emt 0:0:13]} 54. Nc2 {[%emt 0:0:9]} Ra8 {[%emt 0:0:0]} 55. Rc3 {[%emt 0:0:29]} Ke8 {[%emt 0:0:0]} 56. Kh3 {[%emt 0:0:5]} Kd8 {[%emt 0:0:0]} 57. Qc1 {[%emt 0:0:21]} Ke8 {[%emt 0:0:2]} 58. Ne1 {[%emt 0:0:9]
} Rb4 {[%emt 0:0:5]} 59. Nc2 {[%emt 0:0:9]} Rb6 {[%emt 0:0:0]} 60. Kg2 {[%emt 0:0:38]} Kd8 {[%emt 0:0:2]} 61. Kf3 {[%emt 0:0:3]} Ke8 {[%emt 0:0:2]} 62. Ke3 {[%emt 0:0:27]} Kd8 {[%emt 0:0:3]} 63. Qa3 {[%emt 0:0:8]
} Qxa3 {[%emt 0:0:10]} 64. Nxa3 {[%emt 0:0:2]} Kd7 {[%emt 0:0:0]} 65. Nc2 {[%emt 0:0:4]} Rba6 {[%emt 0:0:6]} 66. Ne1 {[%emt 0:0:6]} Kc7 {[%emt 0:0:28]} 67. Rdc1 {[%emt 0:0:7]} Kd7 {[%emt 0:0:7]} 68. Nd3 {[%emt 0:0:2]
} Rb6 {[%emt 0:0:6]} 69. Rd1 {[%emt 0:0:54]} Kc7 {[%emt 0:0:0]} 70. Rb1 {[%emt 0:1:53]} Kd7 {[%emt 0:0:5]} 71. Rc2 {[%emt 0:0:3]} Kd8 {[%emt 0:0:10]} 72. Rcb2 {[%emt 0:0:10]} Kc8 {[%emt 0:0:19]} 73. Rc2 1/2-1/2

[Event "FIDE World Rapid-ch Open 2018"]
[White "Hovhannisyan, Robert"]
[Black "Melkumyan, Hrant"]
[Site "St. Petersburg"]
[Round "10.34"]
[Annotator "ChessBase"]
[Result "1-0"]
[Date "2018.12.27"]
[WhiteElo "2637"]
[BlackElo "2670"]
[PlyCount "63"]
[TimeControl "900+10"]

1. e4 {[%emt 0:0:0]} c5 {[%emt 0:0:3]} 2. Nf3 {[%emt 0:0:30]} Nc6 {[%emt 0:0:5]
} 3. Nc3 {[%emt 0:0:7]} g6 {[%emt 0:0:53]} 4. d4 {[%emt 0:0:0]} cxd4 {[%emt 0:0:2]} 5. Nxd4 {[%emt 0:0:2]} Bg7 {[%emt 0:0:2]} 6. Be3 {[%emt 0:0:6]} Nf6 {[%emt 0:0:3]} 7. Be2 {[%emt 0:0:15]} d6 {[%emt 0:0:0]} 8. Qd2 {[%emt 0:0:14]} Bd7 {[%emt 0:0:51]} 9. 0-0-0 {[%emt 0:0:23]} Rc8 {[%emt 0:0:43]} 10. Kb1 {[%emt 0:0:28]} 0-0 {[%emt 0:1:59]} 11. f3 {[%emt 0:0:0]} Ne5 {[%emt 0:0:55]} 12. g4 {[%emt 0:0:59]} b5 {[%emt 0:1:18]} 13. h4 {[%emt 0:0:11]} Bxg4 {[%emt 0:5:18]} 14. fxg4 {[%emt 0:0:40]} b4 {[%emt 0:0:0]} 15. Na4 {[%emt 0:4:4]} Qa5 {[%emt 0:0:40]} 16. b3 {[%emt 0:0:2]} Nxe4 {[%emt 0:0:3]} 17. Qe1 {[%emt 0:0:11]} Nc5 {[%emt 0:2:1]} 18. h5 {[%emt 0:0:33]
} Nxa4 {[%emt 0:0:8]} 19. bxa4 {[%emt 0:0:1]} Rc3 {[%emt 0:0:0]} 20. Bc1 {[%emt 0:1:11]} Qxa4 {[%emt 0:0:48]} 21. Bb2 {[%emt 0:1:12]} Rfc8 {[%emt 0:0:9]} 22. Bb5 {[%emt 0:0:54]} Qa5 {[%emt 0:0:1]} 23. hxg6 {[%emt 0:0:16]
} Nxg6 {[%emt 0:0:24]} 24. Bd7 {[%emt 0:0:23]} R8c4 {[%emt 0:0:0]} 25. Be6 {[%emt 0:1:37]} Rxd4 {[%emt 0:0:18]} 26. Bxf7+ {[%emt 0:0:0]} Kxf7 {[%emt 0:0:5]} 27. Rxd4 {[%emt 0:0:2]} Bxd4 {[%emt 0:0:7]} 28. Rxh7+ {[%emt 0:0:10]} Kg8 {[%emt 0:0:9]} 29. Rh5 {[%emt 0:0:40]} Qa4 {[%emt 0:0:12]
} 30. Qe4 {[%emt 0:0:21]} Nf8 {[%emt 0:0:15]} 31. Qxd4 {[%emt 0:0:59]
} Qxc2+ {[%emt 0:0:1]} 32. Ka1 1-0

[Event "FIDE World Rapid-ch Open 2018"]
[White "Levin, Evgeny A."]
[Black "Savchenko, Boris"]
[Site "St. Petersburg"]
[Round "10.35"]
[Annotator "ChessBase"]
[Result "1/2-1/2"]
[Date "2018.12.27"]
[WhiteElo "2516"]
[BlackElo "2562"]
[PlyCount "116"]
[TimeControl "900+10"]

1. d4 {[%emt 0:0:0]} Nf6 {[%emt 0:0:0]} 2. c4 {[%emt 0:0:0]} g6 {[%emt 0:0:0]} 3. Nc3 {[%emt 0:0:0]} d5 {[%emt 0:0:0]} 4. cxd5 {[%emt 0:0:1]} Nxd5 {[%emt 0:0:0]} 5. e4 {[%emt 0:0:15]} Nxc3 {[%emt 0:0:0]} 6. bxc3 {[%emt 0:0:1]
} Bg7 {[%emt 0:0:0]} 7. Nf3 {[%emt 0:0:3]} c5 {[%emt 0:0:27]
} 8. Be3 {[%emt 0:0:2]} Qa5 {[%emt 0:1:11]} 9. Nd2 {[%emt 0:0:36]} cxd4 {[%emt 0:3:48]
} 10. Nc4 {[%emt 0:0:8]} Qd8 {[%emt 0:0:46]} 11. cxd4 {[%emt 0:0:3]
} 0-0 {[%emt 0:0:4]} 12. Rb1 {[%emt 0:0:53]} f5 {[%emt 0:0:0]} 13. Ne5 {[%emt 0:0:55]} f4 {[%emt 0:1:4]} 14. Bc4+ {[%emt 0:0:20]} Kh8 {[%emt 0:0:8]} 15. Bc1 {[%emt 0:0:15]} Bxe5 {[%emt 0:1:10]} 16. dxe5 {[%emt 0:0:3]
} Qc7 {[%emt 0:2:0]} 17. Bb3 {[%emt 0:0:34]} f3 {[%emt 0:0:0]} 18. gxf3 {[%emt 0:1:15]} Qc3+ {[%emt 0:0:6]} 19. Bd2 {[%emt 0:0:40]} Qxf3 {[%emt 0:0:41]} 20. Qxf3 {[%emt 0:0:24]} Rxf3 {[%emt 0:0:2]} 21. Rg1 {[%emt 0:5:44]
} Nc6 {[%emt 0:0:53]} 22. Rg3 {[%emt 0:0:18]} Nd4 {[%emt 0:0:0]} 23. Rxf3 {[%emt 0:1:32]} Nxf3+ {[%emt 0:0:2]} 24. Ke2 {[%emt 0:0:9]} Bg4 {[%emt 0:0:37]} 25. Bc3 {[%emt 0:0:58]} Rc8 {[%emt 0:0:17]} 26. Kd3 {[%emt 0:0:20]
} Kg7 {[%emt 0:0:13]} 27. e6+ {[%emt 0:0:30]} Kg8 {[%emt 0:0:0]} 28. Bd5 {[%emt 0:0:27]} b6 {[%emt 0:0:3]} 29. a4 {[%emt 0:1:8]} Nxh2 {[%emt 0:0:45]} 30. a5 {[%emt 0:0:11]} Be2+ {[%emt 0:0:20]} 31. Kxe2 {[%emt 0:0:30]
} Rxc3 {[%emt 0:0:3]} 32. axb6 {[%emt 0:0:11]} axb6 {[%emt 0:0:0]} 33. Rxb6 {[%emt 0:0:51]} Nf3 {[%emt 0:0:35]} 34. Rb8+ {[%emt 0:0:11]
} Kg7 {[%emt 0:0:1]} 35. Re8 {[%emt 0:0:3]} Nd4+ {[%emt 0:0:2]} 36. Kd2 {[%emt 0:0:12]
} Rc7 {[%emt 0:0:3]} 37. Rd8 {[%emt 0:0:47]} g5 {[%emt 0:0:0]} 38. Rd7 {[%emt 0:0:25]} Nb5 {[%emt 0:0:3]} 39. Bb3 {[%emt 0:0:21]} Kf6 {[%emt 0:0:19]} 40. Rd5 {[%emt 0:0:10]} Rb7 {[%emt 0:0:11]} 41. e5+ {[%emt 0:0:9]
} Kf5 {[%emt 0:0:7]} 42. Rd7 {[%emt 0:0:2]} Rc7 {[%emt 0:0:0]} 43. Rd5 {[%emt 0:0:18]} Nc3 {[%emt 0:0:26]} 44. Rd7 {[%emt 0:0:2]} Nb5 {[%emt 0:0:12]} 45. Rd5 {[%emt 0:0:2]} Nc3 {[%emt 0:0:12]} 46. Rd7 {[%emt 0:0:0]
} Ne4+ {[%emt 0:0:3]} 47. Ke2 {[%emt 0:0:29]} Rc3 {[%emt 0:0:0]} 48. Bd5 {[%emt 0:0:17]} h5 {[%emt 0:0:13]} 49. Rxe7 {[%emt 0:0:13]} Kxe5 {[%emt 0:0:11]} 50. Bxe4 {[%emt 0:0:8]} Kxe4 {[%emt 0:0:1]} 51. Rg7 {[%emt 0:0:11]
} g4 {[%emt 0:0:3]} 52. e7 {[%emt 0:0:3]} Rc2+ {[%emt 0:0:0]} 53. Kf1 {[%emt 0:0:4]} Rc8 {[%emt 0:0:2]} 54. Kg2 {[%emt 0:0:18]} Ke5 {[%emt 0:0:10]} 55. Rf7 {[%emt 0:0:11]} Re8 {[%emt 0:0:2]} 56. Kg3 {[%emt 0:0:9]
} Ke6 {[%emt 0:0:1]} 57. Rh7 {[%emt 0:0:2]} Kf6 {[%emt 0:0:0]} 58. Rxh5 {[%emt 0:0:14]} Rxe7 {[%emt 0:0:2]} 1/2-1/2

[Event "FIDE World Rapid-ch Open 2018"]
[White "Ponkratov, Pavel"]
[Black "Piorun, Kacper"]
[Site "St. Petersburg"]
[Round "10.36"]
[Annotator "ChessBase"]
[Result "1-0"]
[Date "2018.12.27"]
[WhiteElo "2630"]
[BlackElo "2634"]
[PlyCount "47"]
[TimeControl "900+10"]

1. e4 {[%emt 0:0:0]} c6 {[%emt 0:0:0]} 2. d4 {[%emt 0:0:0]} d5 {[%emt 0:0:0]} 3. e5 {[%emt 0:0:0]} c5 {[%emt 0:0:0]} 4. dxc5 {[%emt 0:0:22]} e6 {[%emt 0:0:0]} 5. Be3 {[%emt 0:0:2]} Qc7 {[%emt 0:1:7]} 6. Nc3 {[%emt 0:0:0]} Bd7 {[%emt 0:0:8]} 7. Nb5 {[%emt 0:0:20]} Bxb5 {[%emt 0:0:8]} 8. Bxb5+ {[%emt 0:0:2]} Nc6 {[%emt 0:0:4]} 9. b4 {[%emt 0:0:37]} a5 {[%emt 0:0:0]} 10. a3 {[%emt 0:0:5]} Qxe5 {[%emt 0:1:48]} 11. Nf3 {[%emt 0:0:4]} Qc7 {[%emt 0:0:1]} 12. Ba4 {[%emt 0:1:13]} axb4 {[%emt 0:1:8]} 13. axb4 {[%emt 0:0:4]
} Qc8 {[%emt 0:0:16]} 14. 0-0 {[%emt 0:2:21]} Nf6 {[%emt 0:0:0]} 15. Bxc6+ {[%emt 0:2:46]} bxc6 {[%emt 0:0:3]} 16. Rxa8 {[%emt 0:0:1]} Qxa8 {[%emt 0:0:1]} 17. Qa1 {[%emt 0:0:1]} Qc8 {[%emt 0:3:41]} 18. Qa4 {[%emt 0:0:4]
} Nd7 {[%emt 0:0:7]} 19. Nd4 {[%emt 0:0:11]} Be7 {[%emt 0:0:0]} 20. Qxc6 {[%emt 0:0:25]} 0-0 {[%emt 0:0:19]} 21. Ra1 {[%emt 0:0:8]} e5 {[%emt 0:1:4]} 22. Nf5 {[%emt 0:0:10]} Bf6 {[%emt 0:1:1]} 23. Qxc8 {[%emt 0:0:46]
} Rxc8 {[%emt 0:0:1]} 24. Nd6 {[%emt 0:0:1]} 1-0

[Event "FIDE World Rapid-ch Open 2018"]
[White "Esipenko, Andrey"]
[Black "Paravyan, David"]
[Site "St. Petersburg"]
[Round "10.37"]
[Annotator "ChessBase"]
[Result "0-1"]
[Date "2018.12.27"]
[WhiteElo "2593"]
[BlackElo "2634"]
[PlyCount "110"]
[TimeControl "900+10"]

1. d4 {[%emt 0:0:0]} Nf6 {[%emt 0:0:0]} 2. Bf4 {[%emt 0:0:0]} c5 {[%emt 0:0:0]
} 3. d5 {[%emt 0:0:0]} d6 {[%emt 0:0:0]} 4. Nc3 {[%emt 0:0:0]} e5 5. dxe6 {[%emt 0:0:24]} Bxe6 {[%emt 0:0:6]} 6. e4 {[%emt 0:0:2]} Be7 {[%emt 0:0:32]} 7. Nf3 {[%emt 0:0:10]} 0-0 {[%emt 0:0:9]} 8. Ng5 {[%emt 0:0:10]
} Nc6 {[%emt 0:1:36]} 9. Nxe6 {[%emt 0:0:32]} fxe6 {[%emt 0:0:0]} 10. Bc4 {[%emt 0:0:16]} Nd4 {[%emt 0:1:49]} 11. Be3 {[%emt 0:1:13]} d5 {[%emt 0:1:37]} 12. Bd3 {[%emt 0:0:28]} Nc6 {[%emt 0:0:25]} 13. exd5 {[%emt 0:1:18]
} exd5 {[%emt 0:0:2]} 14. Bg5 {[%emt 0:0:16]} c4 {[%emt 0:0:0]} 15. Be2 {[%emt 0:0:38]} Kh8 {[%emt 0:0:2]} 16. 0-0 {[%emt 0:1:15]} d4 {[%emt 0:0:11]} 17. Bxf6 {[%emt 0:0:7]} Bxf6 {[%emt 0:0:2]} 18. Ne4 {[%emt 0:0:35]
} d3 {[%emt 0:0:2]} 19. cxd3 {[%emt 0:0:40]} Bxb2 {[%emt 0:0:0]} 20. dxc4 {[%emt 0:0:7]} Bxa1 {[%emt 0:0:3]} 21. Qxa1 {[%emt 0:0:5]} Qd4 {[%emt 0:1:9]} 22. Qb1 {[%emt 0:1:43]} Rae8 {[%emt 0:0:19]} 23. Ng5 {[%emt 0:0:5]
} Qh4 {[%emt 0:0:2]} 24. Nf3 {[%emt 0:0:4]} Qh5 {[%emt 0:0:0]} 25. Qxb7 {[%emt 0:0:47]} Qc5 {[%emt 0:1:5]} 26. Qb2 {[%emt 0:0:50]} Ne5 {[%emt 0:0:5]} 27. Qc2 {[%emt 0:0:20]} Ng6 {[%emt 0:0:30]} 28. Bd3 {[%emt 0:0:49]
} Nf4 {[%emt 0:0:3]} 29. Be4 {[%emt 0:0:6]} Qh5 {[%emt 0:0:0]} 30. h3 {[%emt 0:1:24]} Re6 {[%emt 0:0:48]} 31. c5 {[%emt 0:1:23]} Rh6 {[%emt 0:0:20]
} 32. Nh2 {[%emt 0:0:46]} Qg5 {[%emt 0:2:12]} 33. Kh1 {[%emt 0:0:0]} Ne6 {[%emt 0:0:16]} 34. c6 {[%emt 0:0:25]} Nd4 {[%emt 0:0:2]} 35. Qc4 {[%emt 0:0:29]} Qe5 {[%emt 0:0:12]} 36. Ng4 {[%emt 0:0:24]} Rxh3+ {[%emt 0:0:38]
} 37. gxh3 {[%emt 0:0:15]} Qxe4+ {[%emt 0:0:1]} 38. f3 {[%emt 0:0:18]
} Rxf3 {[%emt 0:0:4]} 39. Rxf3 {[%emt 0:0:29]} Qxf3+ {[%emt 0:0:0]} 40. Kh2 {[%emt 0:0:6]} Qf4+ {[%emt 0:1:15]} 41. Kg2 {[%emt 0:0:14]} Qe4+ {[%emt 0:0:2]} 42. Kf2 {[%emt 0:0:47]} Qf3+ {[%emt 0:0:2]} 43. Ke1 {[%emt 0:0:5]
} Nxc6 {[%emt 0:0:7]} 44. Nf2 {[%emt 0:0:32]} h6 {[%emt 0:0:0]} 45. Qa4 {[%emt 0:0:34]} Qd5 {[%emt 0:0:19]} 46. Kf1 {[%emt 0:0:14]} a5 {[%emt 0:0:7]} 47. Qg4 {[%emt 0:0:24]} Ne7 {[%emt 0:0:14]} 48. Qe4 {[%emt 0:0:20]
} Qxe4 {[%emt 0:0:26]} 49. Nxe4 {[%emt 0:0:1]} Kh7 {[%emt 0:0:0]} 50. Nd6 {[%emt 0:0:10]} Kg6 {[%emt 0:0:7]} 51. Kf2 {[%emt 0:0:1]} Kg5 {[%emt 0:0:11]} 52. Kf3 {[%emt 0:0:10]} Kh4 {[%emt 0:0:16]} 53. Kg2 {[%emt 0:0:3]
} Nd5 {[%emt 0:0:14]} 54. Nf5+ {[%emt 0:0:20]} Kg5 {[%emt 0:0:0]} 55. Nxg7 {[%emt 0:0:16]} Nc7 {[%emt 0:0:2]} 0-1